00568nam a22001937a 450000500170000001000150001702000110003203500130004303700130005608200160006910000230008524500790010826000330018727000510022030000250027165000150029665000340031165000290034520100820143850.0 aENG-101126 c250.00 aEN-84659 bDBAD/PUB a344.5404121 aJoshi, Mahendra K. aIs it medical negligence :cby Mahendra K. Joshibunder new consumer act / aAhmedabadbPrez-Implexc2010 a117, Manekbag Society, AmbavadibAhmedabade15 a116 p. c22cm (pbk)  aComman law aMedical PersonnebMalpractice aPhysicians vMalpractice